banner-ar

LE STYLE LOUIS XV / (Record no. 25262)

MARC details
000 -الفاتح
حقل البيانات ثابتة الطول 00524nam a2200205Ia 4500
008 - عناصر البيانات ثابتة الطول - معلومات عامة
حقل البيانات ثابتة الطول 140319s9999 xx 000 0 eng d
040 ## - مصدر الفهرسة
وكالة الفهرسة الأصلية GCL /
وكالة النسخ GCL
082 04 - رقم تصنيف ديوى العشرى
رقم التصنيف 709.003
رقم المادة B S
100 1# - المدخل الرئيسى - إسم شخصى
الإسم الشخصى BARRIELLE, JEAN FRANCOIS
245 10 - بيان العنوان
العنوان LE STYLE LOUIS XV /
بيان المسئوليه,etc BARRIELLE, JEAN FRANCOIS
260 ## - PUBLICATION, DISTRIBUTION, ETC. (IMPRINT)
تاريخ النشر أو التوزيع 1992
300 ## - الوصف المادى
التعداد 63
650 04 - المدخل الاضافى بالموضوع-مصطلح موضوعى
مصطلح موضوعي LOUIS XV STYLE
650 04 - المدخل الاضافى بالموضوع-مصطلح موضوعى
مصطلح موضوعي INTERIOR DECORATION
650 04 - المدخل الاضافى بالموضوع-مصطلح موضوعى
مصطلح موضوعي ARTS
650 04 - المدخل الاضافى بالموضوع-مصطلح موضوعى
مصطلح موضوعي ARCHITECTURE
650 04 - المدخل الاضافى بالموضوع-مصطلح موضوعى
مصطلح موضوعي INTERIOR DESIGN
942 ## - عناصر المدخل الإضافي( كوها)
مصدر التصنيف او مخطط الترفيف Dewey Decimal Classification
Koha [default] item type كتاب
260 ## - PUBLICATION, DISTRIBUTION, ETC. (IMPRINT)
-- [S.N] :
-- FLAMMARION ،
Holdings
حالة التراجع حالة الفقد حالة تلف ليس للاعارة المكان المؤقت الموقع الحالى تاريخ الاكتساب اجمالي اﻻعارات رقم الطلب الباركود تاريخ اخر مشاهدة تاريخ تفعيل السعر نوع وعاء كوها
        مكتبة القاهرة الكبرى مكتبة القاهرة الكبرى 03/26/2014   709.003\B S 44568 03/26/2014 03/26/2014 كتاب
        مكتبة القاهرة الكبرى مكتبة القاهرة الكبرى 03/26/2014   709.003\B S 44569 03/26/2014 03/26/2014 كتاب
        مكتبة القاهرة الكبرى مكتبة القاهرة الكبرى 03/26/2014   709.003\B S 44570 03/26/2014 03/26/2014 كتاب

Powered By

EGPV